000 01005nam a2200313 i 4500
003 EG-GICUC
005 20260504213417.0
008 260504s1956 ||| |||fr|||| 00| 0 eng d
040 _aEG-GiCUC
_beng
_cEG-GiCUC
_dEG-GiCUC
_erda
082 0 4 _221
_a343.073
_bBR . F
092 0 4 _221
099 _aLaw1 10 343.073 BR . F 1956
100 1 _aBrune, Port V
_eAuthor.
245 1 0 _aFontes Iuris Gentium /
_cPort V Brune, Edidit C. Bilfinger.
264 1 _aKoln :
_aBerlin :
_bCarl Heymanns Verlag Kg,
_c1956.
300 _aViii - Xx, 250 pages;
_c24 cm.
336 _2rda content
_atext
337 _2rda media
_aComputer
338 _2rda carrier
_aOnline Resource
490 _aSeries a;
_vSectio Ii ;
_vTomus 3
546 _aText in English
650 1 _aCriminologie
_yÉtats - Unis
_2qrmak
650 1 _aDroit De Pénal
_2qrmak
651 1 _2qrmak
700 1 _aBilfinger, C
_eeditor.
856 4 0 _uhttps://fll.law.cu.edu.eg/fulltext/bks/B10-11312.pdf
905 _a54
942 _2ddc
_cBK
_e21
_n0
999 _c75556
_d75556